00345nam a2200145Ia 4500008004100000020001500041041001200056082001600068100001400084245004500098250000800143260002500151300000800176650001500184221030s9999 xx 000 0 und d a007049553X aEnglish a105.23bBei aA. Beiser 0aConcepts Of Modern Physicscby A. Beiser a6th bTMHaNew Delhic2003 a542 aBB Physics